ঢ়
ক্ষ
ড়
ঢ়
য়
র-ফলা‌‌‌
 
 
য-ফলা
ি
 
 
রেফ
 
 
 
যুক্ত করুন/হসন্ত
Space
Enter

Sociology / (Record no. 603)

000 -LEADER
fixed length control field 00961pam a2200301 a 4500
001 - CONTROL NUMBER
control field 4315
003 - CONTROL NUMBER IDENTIFIER
control field BD-DhUAP
005 - DATE AND TIME OF LATEST TRANSACTION
control field 20200125144602.0
008 - FIXED-LENGTH DATA ELEMENTS--GENERAL INFORMATION
fixed length control field 960318s1997 nyua b 001 0 eng
020 ## - INTERNATIONAL STANDARD BOOK NUMBER
International Standard Book Number 0070380694
040 ## - CATALOGING SOURCE
Original cataloging agency DLC
Transcribing agency DLC
Modifying agency BD-DhUAP
043 ## - GEOGRAPHIC AREA CODE
Geographic area code n-us---
050 00 - LIBRARY OF CONGRESS CALL NUMBER
Classification number HM51
Item number .C282 1997
082 00 - DEWEY DECIMAL CLASSIFICATION NUMBER
Classification number 301 CAL
Edition number 23
100 1# - MAIN ENTRY--PERSONAL NAME
Personal name Calhoun, Craig J.
245 10 - TITLE STATEMENT
Title Sociology /
Statement of responsibility, etc. Craig Calhoun, Donald Light and Suzanne Keller.
250 ## - EDITION STATEMENT
Edition statement 7th ed.
260 ## - PUBLICATION, DISTRIBUTION, ETC.
Place of publication, distribution, etc. New York :
Name of publisher, distributor, etc. McGraw-Hill,
Date of publication, distribution, etc. c1997.
300 ## - PHYSICAL DESCRIPTION
Extent xxiii, 648 pages :
Other physical details illustrations ;
Dimensions 26 cm.
504 ## - BIBLIOGRAPHY, ETC. NOTE
Bibliography, etc. note Includes bibliographical references and index.
650 #0 - SUBJECT ADDED ENTRY--TOPICAL TERM
Topical term or geographic name entry element Sociology.
651 #0 - SUBJECT ADDED ENTRY--GEOGRAPHIC NAME
Geographic name United States
General subdivision Social conditions.
700 1# - ADDED ENTRY--PERSONAL NAME
Personal name Light, Donald.
700 1# - ADDED ENTRY--PERSONAL NAME
Personal name Keller, Suzanne Infeld.
906 ## - LOCAL DATA ELEMENT F, LDF (RLIN)
a 7
b cbc
c orignew
d 1
e ocip
f 19
g y-gencatlg
942 ## - ADDED ENTRY ELEMENTS (KOHA)
Source of classification or shelving scheme
Koha item type Book
Holdings
Withdrawn status Lost status Source of classification or shelving scheme Damaged status Not for loan Permanent Location Current Location Shelving location Date acquired Full call number Barcode Date last seen Copy number Price effective from Koha item type Total Checkouts Date last checked out
          UAP Central Library UAP Central Library General Stacks 2020-01-25 301 CAL 3010004315 2020-01-25 1 2020-01-25 Book    
          UAP Central Library UAP Central Library General Stacks 2020-01-25 301 CAL 3010004313 2024-03-07 2 2020-01-25 Book 1 2024-02-27

All rights reserved © UAP Central Library,
University of Asia Pacific.